000 00576nam a2200205Ia 4500
005 20250508170156.0
008 008 250505s9999 xx 000 0 eng d
020 _a978-0-367-23794-3
037 _aReference
040 _aFEDL
_beng
_cFEDL
041 _aeng
_2eng
084 _a001.422, WAT/RR
_qFEDL
100 _aWatkins Dapne C
_9783318
245 0 _aSecondary data in mixed methods research
260 _aLos Angeles, USA
_bSage
_c2023
300 _axiv, 230p.
365 _aUSD
_b45
942 _cREF
_h001.422, WAT/RR
999 _c1399630
_d1399630